000
00247nam a2200097Ia 4500
001
709296
005
20250826162544.0
008
250824s9999 xx 000 0 und d
245
0
_a
DÜNYA ONLARLA DAHA RENKLİ
_c
KEMAL ÖZER
260
_b
TUDEM YAYINLARI
999
_c
709296
_d
709296